Process modelling in composites manufacturing (Record no. 290042)

000 -LEADER
fixed length control field 00256 a2200097 4500
001 - CONTROL NUMBER
control field 54969
090 ## - LOCALLY ASSIGNED LC-TYPE CALL NUMBER (OCLC); LOCAL CALL NUMBER (RLIN)
-- 34060
-- 34060
100 ## - MAIN ENTRY--PERSONAL NAME
Personal name Advani, Suresh G.
245 ## - TITLE STATEMENT
Title Process modelling in composites manufacturing
260 ## - PUBLICATION, DISTRIBUTION, ETC.
Place of publication, distribution, etc. NY
Name of publisher, distributor, etc. Marcel Dekker, NY
Date of publication, distribution, etc. 2003
942 ## - ADDED ENTRY ELEMENTS (KOHA)
Institution code [OBSOLETE] NUST-CAE
Koha item type
--
Holdings
Withdrawn status Lost status Damaged status Not for loan Collection code Permanent Location Current Location Date acquired Total Checkouts Barcode Date last seen Price effective from Koha item type
          College of Aeronautical Engineering (CAE) College of Aeronautical Engineering (CAE) 04/03/2017   CAE78392 04/05/2017 04/05/2017 Book
© 2023 Central Library, National University of Sciences and Technology. All Rights Reserved.